UBT Library

THE COMMENT CLAUSE IN ENGLISH (Record no. 59600)

000 -LEADER
fixed length control field 00321nam a22001457a 4500
008 - FIXED-LENGTH DATA ELEMENTS--GENERAL INFORMATION
fixed length control field 230419b ||||| |||| 00| 0 eng d
020 ## - INTERNATIONAL STANDARD BOOK NUMBER
International Standard Book Number 9780521886734
041 ## - LANGUAGE CODE
Language code of text/sound track or separate title eng
080 ## - UNIVERSAL DECIMAL CLASSIFICATION NUMBER
Universal Decimal Classification number 37
082 ## - DEWEY DECIMAL CLASSIFICATION NUMBER
Classification number 37BRI
100 ## - Rafti
Rafti 23
101 ## - Shkurtesa
Shkurtesa EDU
245 ## - TITLE STATEMENT
Title THE COMMENT CLAUSE IN ENGLISH
Statement of responsibility, etc BRINTON.J.L
942 ## - ADDED ENTRY ELEMENTS (KOHA)
Source of classification or shelving scheme
Item type Books
Holdings
Withdrawn status Lost status Source of classification or shelving scheme Damaged status Not for loan Collection code Permanent location Current location Date acquired Total Checkouts Full call number Barcode Date last seen Price effective from Koha item type
          Koleksioni i përgjithshem UBT - Lipjan UBT - Lipjan 04/19/2023   37BRI 002-80007036 04/19/2023 04/19/2023 Books
UBT Library © 2015-2024. All rights reserved University Education for Business and Technology